[Event "DEM U14 2023"]
[Site "Willingen GER"]
[Date "2023.05.29"]
[Round "3"]
[White "Weber, Nikita"]
[Black "Mester, Philipp"]
[Result "1-0"]
[Termination "normal"]
[Board "17"]
[WhiteElo "1531"]
[BlackElo "1730"]
[WhiteClock "00:30:11"]
[BlackClock "00:28:46"]
[PlyCount "45"]
[WhiteFideId "34608770"]
[BlackFideId "34624902"]
[EventCountry "GER"]
[EventRounds "9"]
[EventType "swiss"]
[EventDate "2023.05.27"]

1. Nf3 {[%clk 01:30:59]} {[%emt 00:00:01]} d5 {[%clk 01:30:23]} {[%emt
00:00:38]} 2. d4 {[%clk 01:31:23]} {[%emt 00:00:06]} Nf6 {[%clk 01:30:39]}
{[%emt 00:00:14]} 3. c4 {[%clk 01:31:36]} {[%emt 00:00:17]} e6 {[%clk
01:31:03]} {[%emt 00:00:06]} 4. Nc3 {[%clk 01:31:39]} {[%emt 00:00:25]} c6
{[%clk 01:31:09]} {[%emt 00:00:26]} 5. Bf4 {[%clk 01:30:07]} {[%emt 00:02:02]}
Be7 {[%clk 01:30:39]} {[%emt 00:00:59]} 6. e3 {[%clk 01:30:05]} {[%emt
00:00:33]} O-O {[%clk 01:28:18]} {[%emt 00:02:51]} 7. cxd5 {[%clk 01:27:51]}
{[%emt 00:02:44]} exd5 {[%clk 01:28:06]} {[%emt 00:00:42]} 8. Bd3 {[%clk
01:27:55]} {[%emt 00:00:26]} Nbd7 {[%clk 01:16:11]} {[%emt 00:12:25]} 9. O-O
{[%clk 01:27:50]} {[%emt 00:00:34]} Ne8 {[%clk 01:15:43]} {[%emt 00:00:58]} 10.
Qc2 {[%clk 01:15:12]} {[%emt 00:13:09]} Ndf6 {[%clk 01:15:02]} {[%emt
00:01:11]} 11. Rfb1 {[%clk 01:12:07]} {[%emt 00:03:34]} a5 {[%clk 01:11:58]}
{[%emt 00:03:34]} 12. Na4 {[%clk 01:01:32]} {[%emt 00:11:06]} Bd6 {[%clk
01:07:42]} {[%emt 00:04:45]} 13. Ne5 {[%clk 00:57:11]} {[%emt 00:04:52]} h6
{[%clk 01:02:47]} {[%emt 00:05:25]} 14. h3 {[%clk 00:54:20]} {[%emt 00:03:21]}
g5 {[%clk 00:50:40]} {[%emt 00:12:37]} 15. Bh2 {[%clk 00:47:48]} {[%emt
00:07:01]} Nd7 {[%clk 00:46:04]} {[%emt 00:05:06]} 16. Kh1 {[%clk 00:37:08]}
{[%emt 00:11:10]} Kg7 {[%clk 00:39:28]} {[%emt 00:07:05]} 17. f4 {[%clk
00:35:19]} {[%emt 00:02:20]} f6 {[%clk 00:35:09]} {[%emt 00:04:50]} 18. Bh7
{[%clk 00:31:40]} {[%emt 00:04:08]} fxe5 {[%clk 00:32:50]} {[%emt 00:02:50]}
19. Qg6+ {[%clk 00:31:59]} {[%emt 00:00:11]} Kh8 {[%clk 00:33:16]} {[%emt
00:00:04]} 20. Qxh6 {[%clk 00:31:41]} {[%emt 00:00:47]} Qe7 {[%clk 00:28:30]}
{[%emt 00:05:16]} 21. Bf5+ {[%emt 00:02:27]} Kg8 {[%clk 00:28:45]} {[%emt
00:00:14]} 22. Be6+ {[%clk 00:30:12]} {[%emt 00:00:05]} Rf7 {[%clk 00:28:46]}
{[%emt 00:00:28]} 23. fxe5 {[%clk 00:30:11]} {[%emt 00:00:31]} 1-0

[Event "DEM U14 2023"]
[Site "Willingen GER"]
[Date "2023.05.29"]
[Round "3"]
[White "Limmer, Marco"]
[Black "Petrow, Andre"]
[Result "1-0"]
[Termination "normal"]
[Board "18"]
[WhiteElo "1774"]
[BlackElo "1540"]
[WhiteClock "00:23:43"]
[BlackClock "00:01:06"]
[PlyCount "47"]
[WhiteFideId "34603506"]
[BlackFideId "34612815"]
[EventCountry "GER"]
[EventRounds "9"]
[EventType "swiss"]
[EventDate "2023.05.27"]

1. Nf3 {[%clk 01:30:57]} {[%emt 00:00:02]} d6 {[%clk 01:30:42]} {[%emt
00:00:19]} 2. g3 {[%clk 01:30:57]} {[%emt 00:00:29]} g6 {[%clk 01:30:59]}
{[%emt 00:00:13]} 3. Bg2 {[%clk 01:31:05]} {[%emt 00:00:22]} e5 {[%clk
01:30:40]} {[%emt 00:00:50]} 4. d3 {[%clk 01:31:11]} {[%emt 00:00:24]} Bg7
{[%clk 01:30:30]} {[%emt 00:00:39]} 5. c4 {[%clk 01:30:04]} {[%emt 00:01:37]}
Nf6 {[%clk 01:24:43]} {[%emt 00:06:17]} 6. Nc3 {[%clk 01:28:01]} {[%emt
00:02:33]} Nc6 {[%clk 01:21:51]} {[%emt 00:03:22]} 7. O-O {[%clk 01:25:26]}
{[%emt 00:03:05]} O-O {[%clk 01:19:48]} {[%emt 00:02:33]} 8. Rb1 {[%clk
01:23:14]} {[%emt 00:02:41]} a5 {[%clk 01:15:59]} {[%emt 00:04:19]} 9. a3
{[%clk 01:21:35]} {[%emt 00:02:10]} Re8 {[%clk 01:01:51]} {[%emt 00:14:38]} 10.
Qc2 {[%clk 01:10:20]} {[%emt 00:11:45]} Bg4 {[%clk 00:55:42]} {[%emt 00:06:37]}
11. e3 {[%clk 01:04:04]} {[%emt 00:06:46]} Qe7 {[%clk 00:44:25]} {[%emt
00:11:47]} 12. Bd2 {[%clk 00:54:20]} {[%emt 00:10:15]} Be6 {[%clk 00:35:43]}
{[%emt 00:09:11]} 13. Ng5 {[%clk 00:41:26]} {[%emt 00:13:25]} Rad8 {[%clk
00:28:50]} {[%emt 00:07:22]} 14. Nxe6 {[%clk 00:40:14]} {[%emt 00:01:43]} fxe6
{[%clk 00:22:30]} {[%emt 00:06:49]} 15. b4 {[%clk 00:39:26]} {[%emt 00:01:18]}
d5 {[%clk 00:16:04]} {[%emt 00:06:57]} 16. c5 {[%clk 00:33:14]} {[%emt
00:06:42]} b6 {[%clk 00:11:34]} {[%emt 00:04:59]} 17. cxb6 {[%clk 00:31:39]}
{[%emt 00:02:05]} axb4 {[%clk 00:07:38]} {[%emt 00:04:26]} 18. Nb5 {[%clk
00:25:25]} {[%emt 00:06:43]} Qd7 {[%clk 00:05:09]} {[%emt 00:03:00]} 19. bxc7
{[%clk 00:25:08]} {[%emt 00:00:46]} Rc8 {[%clk 00:03:35]} {[%emt 00:02:03]} 20.
Rfc1 {[%clk 00:23:38]} {[%emt 00:02:01]} Nd4 {[%clk 00:00:58]} {[%emt
00:03:07]} 21. exd4 {[%clk 00:23:21]} {[%emt 00:00:47]} Qxb5 {[%clk 00:01:10]}
{[%emt 00:00:18]} 22. Rxb4 {[%clk 00:23:33]} {[%emt 00:00:19]} Qd7 {[%clk
00:01:07]} {[%emt 00:00:33]} 23. dxe5 {[%clk 00:23:47]} {[%emt 00:00:16]} Ng4
{[%clk 00:01:06]} {[%emt 00:00:31]} 24. Rxg4 {[%clk 00:23:43]} {[%emt
00:00:33]} 1-0

[Event "DEM U14 2023"]
[Site "Willingen GER"]
[Date "2023.05.29"]
[Round "3"]
[White "Skembris, Simon Max"]
[Black "Melestean, Maxim"]
[Result "0-1"]
[Termination "normal"]
[Board "19"]
[WhiteElo "1967"]
[BlackElo "1450"]
[WhiteClock "00:20:25"]
[BlackClock "00:50:29"]
[PlyCount "62"]
[WhiteFideId "16281381"]
[BlackFideId "16280393"]
[EventCountry "GER"]
[EventRounds "9"]
[EventType "swiss"]
[EventDate "2023.05.27"]

1. e4 {[%clk 01:30:52]} {[%emt 00:00:06]} c6 {[%clk 01:30:56]} {[%emt
00:00:05]} 2. d4 {[%clk 01:31:15]} {[%emt 00:00:06]} d5 {[%clk 01:31:23]}
{[%emt 00:00:04]} 3. Nc3 {[%clk 01:31:40]} {[%emt 00:00:05]} dxe4 {[%clk
01:31:49]} {[%emt 00:00:04]} 4. Nxe4 {[%clk 01:32:03]} {[%emt 00:00:06]} Nf6
{[%clk 01:32:16]} {[%emt 00:00:04]} 5. Nxf6+ {[%clk 01:32:24]} {[%emt
00:00:09]} exf6 {[%clk 01:32:42]} {[%emt 00:00:04]} 6. c3 {[%clk 01:32:27]}
{[%emt 00:00:26]} Bd6 {[%clk 01:33:08]} {[%emt 00:00:05]} 7. Bd3 {[%clk
01:32:40]} {[%emt 00:00:17]} O-O {[%clk 01:33:33]} {[%emt 00:00:05]} 8. Ne2
{[%clk 01:32:00]} {[%emt 00:01:10]} Re8 {[%clk 01:33:56]} {[%emt 00:00:07]} 9.
Qc2 {[%clk 01:32:17]} {[%emt 00:00:13]} h5 {[%clk 01:34:21]} {[%emt 00:00:05]}
10. O-O {[%clk 01:31:58]} {[%emt 00:00:49]} h4 {[%clk 01:34:46]} {[%emt
00:00:06]} 11. h3 {[%clk 01:31:19]} {[%emt 00:01:08]} Nd7 {[%clk 01:35:11]}
{[%emt 00:00:06]} 12. Be3 {[%clk 01:26:22]} {[%emt 00:05:24]} Nf8 {[%clk
01:34:29]} {[%emt 00:01:14]} 13. c4 {[%clk 01:15:45]} {[%emt 00:11:07]} Bc7
{[%clk 01:26:56]} {[%emt 00:08:03]} 14. Rfd1 {[%clk 01:05:32]} {[%emt
00:10:42]} g5 {[%clk 01:12:14]} {[%emt 00:15:13]} 15. Qd2 {[%clk 00:48:45]}
{[%emt 00:17:17]} Qd6 {[%clk 00:59:39]} {[%emt 00:13:04]} 16. f4 {[%clk
00:42:19]} {[%emt 00:06:56]} g4 {[%clk 00:59:37]} {[%emt 00:00:32]} 17. hxg4
{[%clk 00:36:02]} {[%emt 00:06:47]} Bxg4 {[%clk 01:00:06]} {[%emt 00:00:02]}
18. Kf2 {[%clk 00:34:31]} {[%emt 00:02:00]} f5 {[%clk 01:00:18]} {[%emt
00:00:18]} 19. Rh1 {[%clk 00:33:49]} {[%emt 00:01:12]} Ng6 {[%clk 01:00:37]}
{[%emt 00:00:12]} 20. Rag1 {[%clk 00:31:11]} {[%emt 00:03:07]} Re7 {[%clk
01:00:19]} {[%emt 00:00:49]} 21. Re1 {[%clk 00:28:33]} {[%emt 00:03:07]} Rae8
{[%clk 00:59:55]} {[%emt 00:00:54]} 22. c5 {[%clk 00:28:21]} {[%emt 00:00:42]}
Qf6 {[%clk 00:58:27]} {[%emt 00:01:59]} 23. Nc3 {[%clk 00:27:10]} {[%emt
00:01:40]} Nxf4 {[%clk 00:55:01]} {[%emt 00:03:57]} 24. Bc4 {[%clk 00:25:18]}
{[%emt 00:02:21]} Ng6 {[%clk 00:53:31]} {[%emt 00:02:00]} 25. Rhf1 {[%clk
00:21:51]} {[%emt 00:03:57]} Bg3+ {[%clk 00:53:47]} {[%emt 00:00:15]} 26. Kg1
{[%clk 00:22:15]} {[%emt 00:00:06]} Bxe1 {[%clk 00:54:04]} {[%emt 00:00:13]}
27. Rxe1 {[%clk 00:22:22]} {[%emt 00:00:23]} f4 {[%clk 00:54:25]} {[%emt
00:00:09]} 28. Bf2 {[%clk 00:22:26]} {[%emt 00:00:25]} Rxe1+ {[%clk 00:54:45]}
{[%emt 00:00:11]} 29. Bxe1 {[%clk 00:22:50]} {[%emt 00:00:06]} Rxe1+ {[%clk
00:54:33]} {[%emt 00:00:42]} 30. Kf2 {[%clk 00:22:16]} {[%emt 00:01:02]} h3
{[%clk 00:50:27]} {[%emt 00:04:38]} 31. Kxe1 {[%clk 00:20:25]} {[%emt
00:02:21]} h2 {[%clk 00:50:29]} {[%emt 00:00:27]} 0-1

[Event "DEM U14 2023"]
[Site "Willingen GER"]
[Date "2023.05.29"]
[Round "3"]
[White "Mohammadzadeh, Daris"]
[Black "Birkenheier, Nicolas"]
[Result "0-1"]
[Termination "normal"]
[Board "20"]
[WhiteElo "1639"]
[BlackElo "1550"]
[WhiteClock "00:02:45"]
[BlackClock "00:03:09"]
[PlyCount "82"]
[WhiteFideId "34604359"]
[BlackFideId "16287100"]
[EventCountry "GER"]
[EventRounds "9"]
[EventType "swiss"]
[EventDate "2023.05.27"]

1. d4 {[%clk 01:30:58]} {[%emt 00:00:02]} d5 {[%clk 01:30:47]} {[%emt
00:00:13]} 2. c4 {[%clk 01:31:21]} {[%emt 00:00:07]} c6 {[%clk 01:30:59]}
{[%emt 00:00:18]} 3. cxd5 {[%clk 01:31:41]} {[%emt 00:00:10]} cxd5 {[%clk
01:31:10]} {[%emt 00:00:19]} 4. Bf4 {[%clk 01:32:04]} {[%emt 00:00:07]} Nf6
{[%clk 01:30:01]} {[%emt 00:01:39]} 5. Nc3 {[%clk 01:32:26]} {[%emt 00:00:08]}
Nc6 {[%clk 01:29:01]} {[%emt 00:01:31]} 6. e3 {[%clk 01:32:44]} {[%emt
00:00:11]} a6 {[%clk 01:21:44]} {[%emt 00:07:47]} 7. Be2 {[%clk 01:32:02]}
{[%emt 00:01:11]} e6 {[%clk 01:20:38]} {[%emt 00:01:37]} 8. Nf3 {[%clk
01:30:52]} {[%emt 00:01:40]} Bd6 {[%clk 01:12:56]} {[%emt 00:08:12]} 9. Bxd6
{[%clk 01:26:50]} {[%emt 00:04:32]} Qxd6 {[%clk 01:13:13]} {[%emt 00:00:13]}
10. O-O {[%clk 01:26:26]} {[%emt 00:00:54]} b5 {[%clk 01:10:05]} {[%emt
00:03:38]} 11. Qd2 {[%clk 01:15:19]} {[%emt 00:11:37]} Bd7 {[%clk 01:05:31]}
{[%emt 00:05:03]} 12. Rfc1 {[%clk 01:13:40]} {[%emt 00:02:10]} O-O {[%clk
01:03:43]} {[%emt 00:02:18]} 13. h3 {[%clk 01:02:25]} {[%emt 00:11:45]} b4
{[%clk 00:47:07]} {[%emt 00:17:06]} 14. Nd1 {[%clk 00:56:22]} {[%emt 00:06:33]}
Ne4 {[%clk 00:44:41]} {[%emt 00:02:55]} 15. Qe1 {[%clk 00:55:19]} {[%emt
00:01:33]} f5 {[%clk 00:33:59]} {[%emt 00:11:12]} 16. b3 {[%clk 00:50:19]}
{[%emt 00:05:31]} f4 {[%clk 00:26:49]} {[%emt 00:07:39]} 17. Bd3 {[%clk
00:30:26]} {[%emt 00:20:23]} e5 {[%clk 00:16:48]} {[%emt 00:10:32]} 18. Bxe4
{[%clk 00:25:42]} {[%emt 00:05:14]} dxe4 {[%clk 00:17:01]} {[%emt 00:00:16]}
19. Nxe5 {[%clk 00:25:30]} {[%emt 00:00:43]} Nxe5 {[%clk 00:17:13]} {[%emt
00:00:18]} 20. dxe5 {[%clk 00:25:48]} {[%emt 00:00:12]} Qxe5 {[%clk 00:17:25]}
{[%emt 00:00:17]} 21. exf4 {[%clk 00:23:56]} {[%emt 00:02:23]} Rxf4 {[%clk
00:15:35]} {[%emt 00:02:20]} 22. Qxb4 {[%clk 00:16:58]} {[%emt 00:07:29]} Raf8
{[%clk 00:12:36]} {[%emt 00:03:28]} 23. Qc5 {[%clk 00:14:15]} {[%emt 00:03:14]}
Qf6 {[%clk 00:10:36]} {[%emt 00:02:28]} 24. Qc3 {[%clk 00:10:31]} {[%emt
00:04:15]} Qg6 {[%clk 00:06:58]} {[%emt 00:04:08]} 25. Kh1 {[%clk 00:07:29]}
{[%emt 00:03:32]} Rf3 {[%clk 00:03:10]} {[%emt 00:04:18]} 26. Qc4+ {[%clk
00:00:43]} {[%emt 00:07:16]} Be6 {[%clk 00:03:24]} {[%emt 00:00:16]} 27. Qxa6
{[%clk 00:00:32]} {[%emt 00:00:41]} R3f6 {[%clk 00:01:05]} {[%emt 00:02:48]}
28. Rc6 {[%clk 00:00:37]} {[%emt 00:00:26]} Bxh3 {[%clk 00:00:58]} {[%emt
00:00:37]} 29. gxh3 {[%clk 00:00:55]} {[%emt 00:00:12]} Rxc6 {[%clk 00:01:17]}
{[%emt 00:00:11]} 30. Qe2 {[%clk 00:00:53]} {[%emt 00:00:33]} e3 {[%clk
00:00:59]} {[%emt 00:00:47]} 31. Nxe3 {[%clk 00:00:38]} {[%emt 00:00:45]} Qe4+
{[%clk 00:01:08]} {[%emt 00:00:21]} 32. Kh2 {[%clk 00:00:34]} {[%emt 00:00:34]}
Qe5+ {[%clk 00:01:28]} {[%emt 00:00:09]} 33. Kg2 {[%clk 00:00:37]} {[%emt
00:00:27]} Rg6+ {[%clk 00:01:45]} {[%emt 00:00:13]} 34. Kf1 {[%clk 00:00:55]}
{[%emt 00:00:13]} Qxa1+ {[%clk 00:02:09]} {[%emt 00:00:06]} 35. Nd1 {[%clk
00:01:21]} {[%emt 00:00:03]} Rd8 {[%clk 00:01:42]} {[%emt 00:00:58]} 36. Qe6+
{[%clk 00:00:46]} {[%emt 00:01:05]} Rxe6 {[%clk 00:02:01]} {[%emt 00:00:11]}
37. Kg2 {[%clk 00:01:12]} {[%emt 00:00:04]} Qxd1 {[%clk 00:02:25]} {[%emt
00:00:06]} 38. Kg3 {[%clk 00:01:31]} {[%emt 00:00:11]} Rd3+ {[%clk 00:02:44]}
{[%emt 00:00:10]} 39. Kh4 {[%clk 00:01:51]} {[%emt 00:00:11]} Qf3 {[%clk
00:02:57]} {[%emt 00:00:17]} 40. Kg5 {[%clk 00:02:16]} {[%emt 00:00:05]} Rd5+
{[%clk 00:03:09]} {[%emt 00:00:05]} 41. Kh4 {[%clk 00:02:45]} Qf4# {[%emt
00:00:17]} 0-1

[Event "DEM U14 2023"]
[Site "Willingen GER"]
[Date "2023.05.29"]
[Round "3"]
[White "Grabs, Peter"]
[Black "Herrmann, Jakob"]
[Result "0-1"]
[Termination "normal"]
[Board "21"]
[WhiteTitle "CM"]
[WhiteElo "1552"]
[BlackElo "2084"]
[WhiteClock "00:24:53"]
[BlackClock "00:41:43"]
[PlyCount "94"]
[WhiteFideId "16203887"]
[BlackFideId "16287169"]
[EventCountry "GER"]
[EventRounds "9"]
[EventType "swiss"]
[EventDate "2023.05.27"]

1. e4 {[%clk 01:30:57]} {[%emt 00:00:02]} c6 {[%clk 01:30:49]} {[%emt
00:00:11]} 2. Nf3 {[%clk 01:31:22]} {[%emt 00:00:05]} d5 {[%clk 01:31:17]}
{[%emt 00:00:02]} 3. exd5 {[%clk 01:31:48]} {[%emt 00:00:05]} cxd5 {[%clk
01:31:40]} {[%emt 00:00:07]} 4. Ne5 {[%clk 01:32:15]} {[%emt 00:00:03]} Nc6
{[%clk 01:32:03]} {[%emt 00:00:07]} 5. d4 {[%clk 01:32:41]} {[%emt 00:00:03]}
a6 {[%clk 01:32:29]} {[%emt 00:00:05]} 6. c3 {[%clk 01:31:42]} {[%emt
00:01:28]} Bf5 {[%clk 01:32:47]} {[%emt 00:00:13]} 7. Bd3 {[%clk 01:32:07]}
{[%emt 00:00:05]} Bxd3 {[%clk 01:32:54]} {[%emt 00:00:23]} 8. Qxd3 {[%clk
01:32:31]} {[%emt 00:00:05]} Nf6 {[%clk 01:33:18]} {[%emt 00:00:07]} 9. O-O
{[%clk 01:31:09]} {[%emt 00:01:52]} e6 {[%clk 01:33:38]} {[%emt 00:00:10]} 10.
Bg5 {[%clk 01:30:00]} {[%emt 00:01:38]} Be7 {[%clk 01:32:15]} {[%emt 00:01:54]}
11. Nd2 {[%clk 01:20:34]} {[%emt 00:09:55]} O-O {[%clk 01:31:07]} {[%emt
00:01:38]} 12. Bxf6 {[%clk 01:17:01]} {[%emt 00:04:04]} gxf6 {[%clk 01:26:47]}
{[%emt 00:04:50]} 13. Nxc6 {[%clk 01:15:52]} {[%emt 00:01:39]} bxc6 {[%clk
01:27:12]} {[%emt 00:00:05]} 14. f4 {[%clk 01:15:47]} {[%emt 00:00:35]} Kh8
{[%clk 01:25:43]} {[%emt 00:01:59]} 15. Rf3 {[%clk 01:11:32]} {[%emt 00:04:44]}
Rg8 {[%clk 01:25:39]} {[%emt 00:00:34]} 16. Re1 {[%clk 00:43:26]} {[%emt
00:28:36]} Qc7 {[%clk 01:25:03]} {[%emt 00:01:06]} 17. Rh3 {[%clk 00:26:54]}
{[%emt 00:17:03]} Rg7 {[%clk 01:23:13]} {[%emt 00:02:20]} 18. Rf1 {[%clk
00:26:45]} {[%emt 00:00:38]} Rag8 {[%clk 01:10:24]} {[%emt 00:13:19]} 19. Kh1
{[%clk 00:26:01]} {[%emt 00:01:15]} Bd6 {[%clk 01:03:07]} {[%emt 00:07:47]} 20.
g3 {[%clk 00:25:03]} {[%emt 00:01:27]} a5 {[%clk 01:01:44]} {[%emt 00:01:54]}
21. f5 {[%clk 00:23:25]} {[%emt 00:02:08]} e5 {[%clk 01:01:17]} {[%emt
00:00:56]} 22. dxe5 {[%clk 00:23:40]} {[%emt 00:00:16]} fxe5 {[%clk 01:01:41]}
{[%emt 00:00:06]} 23. f6 {[%clk 00:23:22]} {[%emt 00:00:47]} Rg6 {[%clk
01:02:05]} {[%emt 00:00:06]} 24. Rf5 {[%clk 00:23:21]} {[%emt 00:00:31]} Bf8
{[%clk 01:01:03]} {[%emt 00:01:32]} 25. Qe3 {[%clk 00:09:16]} {[%emt 00:14:36]}
h6 {[%clk 01:01:14]} {[%emt 00:00:19]} 26. Nf3 {[%clk 00:08:02]} {[%emt
00:01:44]} e4 {[%clk 00:54:30]} {[%emt 00:07:13]} 27. Ne5 {[%clk 00:02:09]}
{[%emt 00:06:23]} Kh7 {[%clk 00:52:18]} {[%emt 00:02:42]} 28. Nxg6 {[%clk
00:01:58]} {[%emt 00:00:41]} Rxg6 {[%clk 00:52:41]} {[%emt 00:00:08]} 29. Rh4
{[%clk 00:01:25]} {[%emt 00:01:02]} Qd7 {[%clk 00:50:52]} {[%emt 00:02:19]} 30.
Rhf4 {[%clk 00:01:44]} {[%emt 00:00:12]} Bd6 {[%clk 00:51:02]} {[%emt
00:00:20]} 31. Rf1 {[%clk 00:02:07]} {[%emt 00:00:06]} Qe6 {[%clk 00:50:46]}
{[%emt 00:00:46]} 32. Qd4 {[%clk 00:01:39]} {[%emt 00:00:58]} e3 {[%clk
00:50:37]} {[%emt 00:00:39]} 33. R5f3 {[%clk 00:01:55]} {[%emt 00:00:14]} e2
{[%clk 00:42:59]} {[%emt 00:08:09]} 34. Re1 {[%clk 00:02:23]} {[%emt 00:00:01]}
Bxg3 {[%clk 00:43:16]} {[%emt 00:00:13]} 35. hxg3 {[%clk 00:01:03]} {[%emt
00:01:51]} Qh3+ {[%clk 00:43:40]} {[%emt 00:00:06]} 36. Kg1 {[%clk 00:01:29]}
{[%emt 00:00:04]} Rxg3+ {[%clk 00:44:03]} {[%emt 00:00:07]} 37. Kf2 {[%clk
00:01:04]} {[%emt 00:00:55]} Qg2+ {[%clk 00:41:46]} {[%emt 00:02:46]} 38. Ke3
{[%clk 00:01:29]} {[%emt 00:00:05]} Qxf3+ {[%clk 00:23:56]} {[%emt 00:18:20]}
39. Kd2 {[%clk 00:01:52]} {[%emt 00:00:08]} Rg2 {[%clk 00:24:05]} {[%emt
00:00:21]} 40. Qe5 {[%clk 00:01:43]} {[%emt 00:00:39]} Kg6 {[%clk 00:21:57]}
{[%emt 00:02:37]} 41. Qc7 {[%clk 00:25:52]} {[%emt 00:06:21]} Qxf6 {[%clk
00:41:47]} {[%emt 00:10:39]} 42. Qxa5 {[%clk 00:25:34]} {[%emt 00:00:49]} Qf4+
{[%clk 00:42:00]} {[%emt 00:00:17]} 43. Kd3 {[%clk 00:25:16]} {[%emt 00:00:48]}
Qf1 {[%clk 00:40:43]} {[%emt 00:01:47]} 44. c4 {[%clk 00:24:58]} {[%emt
00:00:49]} Rg1 {[%clk 00:40:31]} {[%emt 00:00:41]} 45. Rxe2 {[%clk 00:25:16]}
{[%emt 00:00:12]} dxc4+ {[%clk 00:40:56]} {[%emt 00:00:05]} 46. Ke3 {[%clk
00:25:11]} {[%emt 00:00:35]} Rg3+ {[%clk 00:41:18]} {[%emt 00:00:07]} 47. Kd2
{[%clk 00:24:53]} {[%emt 00:00:49]} Rd3+ {[%clk 00:41:43]} {[%emt 00:00:05]}
0-1

[Event "DEM U14 2023"]
[Site "Willingen GER"]
[Date "2023.05.29"]
[Round "3"]
[White "Torosyan, Bagrat"]
[Black "Tabales, Lennart"]
[Result "1-0"]
[Termination "normal"]
[Board "22"]
[WhiteElo "1973"]
[BlackElo "1374"]
[WhiteClock "00:44:33"]
[BlackClock "00:15:18"]
[PlyCount "55"]
[WhiteFideId "16258134"]
[BlackFideId "34604057"]
[EventCountry "GER"]
[EventRounds "9"]
[EventType "swiss"]
[EventDate "2023.05.27"]

1. e4 {[%clk 01:30:58]} {[%emt 00:00:02]} d5 {[%clk 01:30:55]} {[%emt
00:00:06]} 2. exd5 {[%clk 01:31:24]} {[%emt 00:00:04]} Qxd5 {[%clk 01:31:24]}
{[%emt 00:00:01]} 3. Nc3 {[%clk 01:31:47]} {[%emt 00:00:06]} Qa5 {[%clk
01:31:48]} {[%emt 00:00:06]} 4. d4 {[%clk 01:32:09]} {[%emt 00:00:09]} c6
{[%clk 01:32:14]} {[%emt 00:00:04]} 5. Nf3 {[%clk 01:32:26]} {[%emt 00:00:12]}
Nf6 {[%clk 01:32:39]} {[%emt 00:00:05]} 6. Bc4 {[%clk 01:30:03]} {[%emt
00:02:52]} Bf5 {[%clk 01:32:52]} {[%emt 00:00:18]} 7. Ne5 {[%clk 01:27:53]}
{[%emt 00:02:41]} e6 {[%clk 01:32:00]} {[%emt 00:01:21]} 8. g4 {[%clk
01:27:40]} {[%emt 00:00:42]} Bg6 {[%clk 01:31:16]} {[%emt 00:01:14]} 9. Nxg6
{[%clk 01:24:31]} {[%emt 00:03:40]} hxg6 {[%clk 01:31:26]} {[%emt 00:00:19]}
10. Bd2 {[%clk 01:23:45]} {[%emt 00:01:16]} Qc7 {[%clk 01:25:25]} {[%emt
00:06:31]} 11. Qe2 {[%clk 01:19:59]} {[%emt 00:04:16]} Rxh2 {[%clk 00:59:58]}
{[%emt 00:25:57]} 12. O-O-O {[%clk 01:19:30]} {[%emt 00:00:59]} Nbd7 {[%clk
00:55:56]} {[%emt 00:04:32]} 13. g5 {[%clk 01:02:40]} {[%emt 00:17:20]} Nh5
{[%clk 00:53:14]} {[%emt 00:03:12]} 14. Bxe6 {[%clk 01:01:10]} {[%emt
00:02:00]} O-O-O {[%clk 00:38:35]} {[%emt 00:15:09]} 15. Rxh2 {[%clk 00:59:23]}
{[%emt 00:02:17]} Qxh2 {[%clk 00:33:35]} {[%emt 00:05:30]} 16. Bxf7 {[%clk
00:59:06]} {[%emt 00:00:47]} Nf4 {[%clk 00:31:26]} {[%emt 00:02:39]} 17. Qf3
{[%clk 00:57:32]} {[%emt 00:02:03]} Bd6 {[%clk 00:30:35]} {[%emt 00:01:21]} 18.
Rh1 {[%clk 00:56:57]} {[%emt 00:01:05]} Qg2 {[%clk 00:29:08]} {[%emt 00:01:57]}
19. Qxg2 {[%clk 00:57:08]} {[%emt 00:00:20]} Nxg2 {[%clk 00:29:28]} {[%emt
00:00:10]} 20. Rg1 {[%clk 00:54:36]} {[%emt 00:03:02]} Nf4 {[%clk 00:26:27]}
{[%emt 00:03:30]} 21. Rg4 {[%clk 00:54:11]} {[%emt 00:00:55]} Nh3 {[%clk
00:25:55]} {[%emt 00:01:02]} 22. Ne4 {[%clk 00:54:23]} {[%emt 00:00:19]} Bc7
{[%clk 00:18:33]} {[%emt 00:07:51]} 23. Be6 {[%clk 00:47:17]} {[%emt 00:07:36]}
Rf8 {[%clk 00:17:50]} {[%emt 00:01:14]} 24. Nc5 {[%clk 00:43:56]} {[%emt
00:03:51]} Nxf2 {[%clk 00:15:52]} {[%emt 00:02:28]} 25. Bxd7+ {[%clk 00:44:08]}
{[%emt 00:00:17]} Kd8 {[%clk 00:14:59]} {[%emt 00:01:22]} 26. Ne6+ {[%clk
00:44:21]} {[%emt 00:00:18]} Ke7 {[%clk 00:15:01]} {[%emt 00:00:28]} 27. Nxf8
{[%clk 00:44:24]} {[%emt 00:00:28]} Kxf8 {[%clk 00:15:18]} {[%emt 00:00:12]}
28. Rg2 {[%clk 00:44:33]} {[%emt 00:00:19]} 1-0